Revista contemporánea, (Madrid, 1875-1907) / (Record no. 177192)

MARC details
000 -LEADER
campo de control de longitud fija 00848nam a2200205 i 4500
001 - NÚMERO DE CONTROL
campo de control 177192
003 - IDENTIFICADOR DE NÚMERO DE CONTROL
campo de control ES-MaACL
005 - FECHA Y HORA DE LA ÚLTIMA TRANSACCIÓN
campo de control 20250524063101.0
008 - DATOS DE LONGITUD FIJA--INFORMACIÓN GENERAL
campo de control de longitud fija 110308s1950 sp f i 001 0 spa d
100 1# - ENTRADA PRINCIPAL--NOMBRE DE PERSONA
Nombre de persona Paz Remolar, Ramón,
Fechas asociadas al nombre 1905-1985
9 (RLIN) 89781
245 10 - MENCIÓN DEL TÍTULO
Título Revista contemporánea, (Madrid, 1875-1907) /
Mención de responsabilidad, etc. por Ramón Paz.
260 ## - PUBLICACIÓN, DISTRIBUCIÓN, ETC.
Lugar de publicación, distribución, etc. Madrid :
Nombre del editor, distribuidor, etc. Instituto "Miguel de Cervantes", del Consejo Superior de Investigaciones Científicas,
Fecha de publicación, distribución, etc. 1950.
300 ## - DESCRIPCIÓN FÍSICA
Extensión XIII, 569 p., [4] p. de lám.. ;
Dimensiones 25 cm.
490 1# - MENCIÓN DE SERIE
Mención de serie Colección de índices de publicaciones periódicas ;
Designación de volumen o secuencia 13
630 #0 - PUNTO DE ACCESO ADICIONAL DE MATERIA--TÍTULO UNIFORME
Título uniforme Revista contemporánea (Madrid)-
Subdivisión de forma Índices.
9 (RLIN) 145482
710 2# - ENTRADA AGREGADA--NOMBRE DE ENTIDAD CORPORATIVA
Nombre de entidad corporativa o nombre de jurisdicción como elemento de entrada Instituto "Miguel de Cervantes"
9 (RLIN) 5133
830 1# - PUNTO DE ACCESO ADICIONAL DE SERIE-TÍTULO UNIFORME
Título uniforme Colección de índices de publicaciones periódicas ;
Designación de volumen o secuencia 13
9 (RLIN) 184798
852 ## - LOCALIZACIÓN
Ubicación ES-MaACL
Número de control de estantería L-13870
Holdings
Estatus retirado Estado de pérdida Estado de daño No para préstamo Biblioteca de origen Biblioteca actual Ubicación en estantería Fecha de adquisición Fuente de adquisición Total de préstamos Signatura topográfica completa Código de barras Visto por última vez Precio de reemplazo Tipo de ítem Koha
        Biblioteca del Ateneo de Madrid Biblioteca del Ateneo de Madrid Depósito 2 08/03/2011     L-13870 1186100 23/02/2023 23/02/2023 Libro impreso